The Ethics of the Market /

The Ethics of the Market makes a distinctive contribution to the literature on the morality of the market by synthesizing the work of a number of liberal scholars into a systematic defence of the free market on ethical grounds. This defence addresses questions of social justice, the moral pre-requis...

Full description

Bibliographic Details
Main Author: Meadowcroft, John (Author)
Corporate Author: SpringerLink (Online service)
Format: eBook
Language:English
Published: London : Palgrave Macmillan UK : Imprint: Palgrave Macmillan, 2005.
Subjects:
Online Access:Connect to the full text of this electronic book

MARC

Tag First Indicator Second Indicator Subfields
LEADER 00000cam a22000005i 4500
001 in00003727521
005 20210728125828.0
006 m o d
007 cr nn 008mamaa
008 151211s2005 xxk| o |||| 0|eng d
020 |a 9780230512030  |9 978-0-230-51203-0 
024 7 |a 10.1057/9780230512030  |2 doi 
035 |a (DE-He213)978-0-230-51203-0 
035 |a 5307727 
040 |d UtOrBLW 
072 7 |a KCP  |2 bicssc 
072 7 |a POL024000  |2 bisacsh 
082 0 4 |a 338.9  |2 23 
090 |a HG4523  |b .M433 2005 
100 1 |a Meadowcroft, John,  |e author. 
245 1 4 |a The Ethics of the Market /  |c by John Meadowcroft. 
264 1 |a London :  |b Palgrave Macmillan UK :  |b Imprint: Palgrave Macmillan,  |c 2005. 
300 |a 1 online resource (IX, 173 pages) 
336 |a text  |b txt  |2 rdacontent 
337 |a computer  |b c  |2 rdamedia 
338 |a online resource  |b cr  |2 rdacarrier 
347 |a text file  |b PDF  |2 rda 
500 |a Electronic resource. 
520 |a The Ethics of the Market makes a distinctive contribution to the literature on the morality of the market by synthesizing the work of a number of liberal scholars into a systematic defence of the free market on ethical grounds. This defence addresses questions of social justice, the moral pre-requisites of a market economy, the nature of the needs that the market satisfies and the appropriate boundaries that should be placed around the operation of the market. 
650 1 4 |a Economics. 
650 2 4 |a Economic Policy. 
650 2 4 |a Economic Theory/Quantitative Economics/Mathematical Methods. 
650 2 4 |a Political Economy. 
650 2 4 |a Political Philosophy. 
650 2 4 |a Political Theory. 
650 2 4 |a Politics of the Welfare State. 
650 0 |a Economic policy.  |0 http://id.loc.gov/authorities/subjects/sh85040837 
650 0 |a Economics.  |0 http://id.loc.gov/authorities/subjects/sh85040850 
650 0 |a Political science  |x Philosophy.  |0 http://id.loc.gov/authorities/subjects/sh88004669 
650 0 |a Political science.  |0 http://id.loc.gov/authorities/subjects/sh85104440 
650 0 |a Welfare state.  |0 http://id.loc.gov/authorities/subjects/sh85146037 
655 7 |a Electronic books.  |2 local 
710 2 |a SpringerLink (Online service)  |0 http://id.loc.gov/authorities/names/no2005046756 
773 0 |t Springer eBooks 
776 1 8 |i Printed edition:  |z 9781349515226 
856 4 0 |u http://proxy.library.tamu.edu/login?url=https://dx.doi.org/10.1057/9780230512030  |z Connect to the full text of this electronic book  |t 0 
999 f f |s 56ceb642-e29b-33c8-af0a-077f0fdfb7e7  |i d5ab28e7-8aa6-36dd-9177-b88968edc98f  |t 0 
952 f f |a Texas A&M University  |b College Station  |c Electronic Resources  |d Available Online  |t 0  |e HG4523 .M433 2005  |h Library of Congress classification 
998 f f |a HG4523 .M433 2005  |t 0  |l Available Online